Philosophy of language / (Record no. 122010)
[ view plain ]
| 000 -LEADER | |
|---|---|
| fixed length control field | 01519cam a2200373 a 4500 |
| 001 - CONTROL NUMBER | |
| control field | 8656810 |
| 003 - CONTROL NUMBER IDENTIFIER | |
| control field | ARRUPE |
| 005 - DATE AND TIME OF LATEST TRANSACTION | |
| control field | 20150210114855.0 |
| 008 - FIXED-LENGTH DATA ELEMENTS--GENERAL INFORMATION | |
| fixed length control field | 100427s2010 njua b 001 0 eng |
| 010 ## - LIBRARY OF CONGRESS CONTROL NUMBER | |
| LC control number | 2010017995 |
| 015 ## - NATIONAL BIBLIOGRAPHY NUMBER | |
| National bibliography number | GBB078418 |
| Source | bnb |
| 016 7# - NATIONAL BIBLIOGRAPHIC AGENCY CONTROL NUMBER | |
| Record control number | 015589178 |
| Source | Uk |
| 020 ## - INTERNATIONAL STANDARD BOOK NUMBER | |
| International Standard Book Number | 9780691138664 (cloth : alk. paper) |
| 020 ## - INTERNATIONAL STANDARD BOOK NUMBER | |
| International Standard Book Number | 0691138664 (cloth : alk. paper) |
| 029 1# - (OCLC) | |
| OCLC library identifier | NLGGC |
| System control number | 327905093 |
| 029 1# - (OCLC) | |
| OCLC library identifier | AU@ |
| System control number | 000046544431 |
| 035 ## - SYSTEM CONTROL NUMBER | |
| System control number | (OCoLC)ocn587248990 |
| 035 ## - SYSTEM CONTROL NUMBER | |
| System control number | (OCoLC)587248990 |
| 040 ## - CATALOGING SOURCE | |
| Original cataloging agency | DLC |
| Transcribing agency | DLC |
| Modifying agency | YDX |
| -- | BTCTA |
| -- | YDXCP |
| -- | UKM |
| -- | CDX |
| -- | ERASA |
| -- | BWX |
| 049 ## - LOCAL HOLDINGS (OCLC) | |
| Holding library | ZCUA |
| 050 00 - LIBRARY OF CONGRESS CALL NUMBER | |
| Classification number | P107 |
| Item number | .S63 2010 |
| 082 00 - DEWEY DECIMAL CLASSIFICATION NUMBER | |
| Classification number | 401 |
| Edition number | 22 |
| 300 ## - PHYSICAL DESCRIPTION | |
| Other physical details | ill. ; |
| Dimensions | 23 cm. |
| 100 1# - MAIN ENTRY--PERSONAL NAME | |
| Personal name | Soames, Scott. |
| 9 (RLIN) | 13098 |
| 245 10 - TITLE STATEMENT | |
| Title | Philosophy of language / |
| Statement of responsibility, etc | Scott Soames. |
| 260 ## - PUBLICATION, DISTRIBUTION, ETC. (IMPRINT) | |
| Place of publication, distribution, etc | Princeton, N.J. : |
| Name of publisher, distributor, etc | Princeton University Press, |
| Date of publication, distribution, etc | c2010. |
| 300 ## - PHYSICAL DESCRIPTION | |
| Extent | viii, 189 p. : |
| 490 1# - SERIES STATEMENT | |
| Series statement | Princeton foundations of contemporary philosophy |
| 504 ## - BIBLIOGRAPHY, ETC. NOTE | |
| Bibliography, etc | Includes bibliographical references and index. |
| 505 0# - FORMATTED CONTENTS NOTE | |
| Formatted contents note | The logical study of language -- Truth, interpretation, and meaning -- Meaning, modality, and possible worlds semantics -- Rigid designation, direct reference, and indexicality -- The metaphysics of meaning : propositions and possible worlds -- Apriority, aposteriority, and actuality -- The limits of meaning. |
| 650 #0 - SUBJECT ADDED ENTRY--TOPICAL TERM | |
| Topical term or geographic name as entry element | Language and languages |
| General subdivision | Philosophy. |
| 9 (RLIN) | 15005 |
| 650 #0 - SUBJECT ADDED ENTRY--TOPICAL TERM | |
| Topical term or geographic name as entry element | Meaning (Philosophy) |
| 9 (RLIN) | 3257 |
| 830 #0 - SERIES ADDED ENTRY--UNIFORM TITLE | |
| Uniform title | Princeton foundations of contemporary philosophy. |
| 9 (RLIN) | 15006 |
| 942 ## - ADDED ENTRY ELEMENTS (KOHA) | |
| Source of classification or shelving scheme | Library of Congress Classification |
| Koha item type | Monograph ( Printed materials) |
| Withdrawn status | Lost status | Source of classification or shelving scheme | Damaged status | Not for loan | Collection code | Home library | Current library | Shelving location | Date acquired | Total Checkouts | Full call number | Barcode | Date last seen | Date checked out | Price effective from | Koha item type |
|---|---|---|---|---|---|---|---|---|---|---|---|---|---|---|---|---|
| Library of Congress Classification | Main Collection | ARRUPE LIBRARY | ARRUPE LIBRARY | Main Collection | 10/02/2015 | 1 | P107 .S63 2010 | 46500002971 | 26/02/2019 | 06/01/2016 | 10/02/2015 | Monograph ( Printed materials) |